Statistics for 7-Letter Geography Chain

Click here to take the quiz!

General Stats

  • This quiz has been taken 229 times
    (192 since last reset)
  • The average score is 8 of 22

Answer Stats

HintAnswer% Correct
Edmund Hillary was the first climber to reach the peak of what mountain?Everest
91%
A region in the Netherlands often confused for the whole countryHolland
91%
African country surrounded entirely by anotherLesotho
68%
The least "great" of the Great LakesOntario
67%
The country Count Dracula would live in if he were a modern vampireRomania
62%
The state where "Hoosiers" come fromIndiana
61%
The capital city of an African nation that has a violent history with FranceAlgiers
47%
Micronation whose name is a part of its capitalAndorra
47%
A narrow piece of land, with water on either side of itIsthmus
43%
The capital of a country that shares its name with a U.S. stateTbilisi
43%
One of Cameroon's largest citiesYaounde
38%
U.S. capital, president, and motor companyLincoln
37%
The northern region of this island belongs to another neighboring countryIreland
25%
State with a Houston County and a Dallas County (not Texas)Alabama
23%
The former name of BeninDahomey
22%
Eastern European river flowing through to the Black SeaDnieper
22%
The location of the Westgate Shopping Mall attackNairobi
20%
An island known as "Waladli" by its nativesAntigua
15%
A river that shares its name with a former French colonySenegal
13%
Both a California city and an ancient site of the First CrusadeAntioch
7%
Japanese city that has the same name as DNA fragmentsOkizaki
2%
Westchester county tributary of the Hudson RiverSaw Mill
1%

Score Distribution

Percentile by Number Answered

Percent of People with Each Score

Your Score History

You have not taken this quiz since the last reset